Bolonskij process v Slovakiji: pljusy i minusy

Podstata bolonského procesu vo vysokoškolskom vzdelávaní. Internacionalizácia vysokoškolského vzdelávania. Problémy vyučovania cudzích jazykov. Plusy a mínusy bolonského procesu.

Enregistré dans:
Détails bibliographiques
Auteur principal: Strelková, Katarína
Format: Chapitre de livre
Langue:russe
Sujets:
Tags: Ajouter un tag
Pas de tags, Soyez le premier à ajouter un tag!

MARC

LEADER 00000naa$a2200000$$$4500
001 0080031
005 20240502083217.3
041 0 |a rus 
044 |a RU 
245 1 0 |a Bolonskij process v Slovakiji: pljusy i minusy  |c Katarína Strelková 
520 |a Podstata bolonského procesu vo vysokoškolskom vzdelávaní. Internacionalizácia vysokoškolského vzdelávania. Problémy vyučovania cudzích jazykov. Plusy a mínusy bolonského procesu. 
610 2 0 |a vzdelávanie vysokoškolské 
610 2 0 |a jazyky cudzie 
610 2 0 |a internacionalizácia 
610 2 0 |a dokumenty 
610 2 0 |a spolupráca medzinárodná 
610 2 0 |a Európska únia 
610 2 0 |a Slovensko 
100 1 |a Strelková, Katarína